| 000 -LEADER |
| fixed length control field |
00626nam a2200229Ia 4500 |
| 007 - PHYSICAL DESCRIPTION FIXED FIELD--GENERAL INFORMATION |
| fixed length control field |
ta |
| 008 - FIXED-LENGTH DATA ELEMENTS--GENERAL INFORMATION |
| fixed length control field |
230112t2021||||ne a ||gd|||||||1 ||eng|| |
| 020 ## - INTERNATIONAL STANDARD BOOK NUMBER |
| International Standard Book Number |
9789083124346 |
| Terms of availability |
Rs. 1600.00 |
| 040 ## - CATALOGING SOURCE |
| Original cataloging agency |
IMU Kochi Library |
| Language of cataloging |
eng |
| 041 0# - LANGUAGE CODE |
| Language code of text/sound track or separate title |
eng |
| 044 ## - COUNTRY OF PUBLISHING/PRODUCING ENTITY CODE |
| MARC country code |
Netherlands |
| 082 04 - DEWEY DECIMAL CLASSIFICATION NUMBER |
| Edition number |
23 |
| Classification number |
623.8232 |
| Item number |
H397 |
| 100 1# - MAIN ENTRY--PERSONAL NAME |
| Personal name |
Hensen, Henk |
| 245 10 - TITLE STATEMENT |
| Title |
Tug use in port |
| Sub Title |
: a practical guide / |
| 250 ## - EDITION STATEMENT |
| Edition statement |
4th ed. |
| 260 ## - PUBLICATION, DISTRIBUTION, ETC. (IMPRINT) |
| Place of publication, distribution, etc |
Netherlands : |
| Name of publisher, distributor, etc |
STC publishing [Bhandarkar Publications], |
| Date of publication, distribution, etc |
2021 |
| 300 ## - PHYSICAL DESCRIPTION |
| Extent |
xii, 322 p. : |
| Other physical details |
col. ill. ; |
| Dimensions |
30 cm. |
| 650 #0 - SUBJECT ADDED ENTRY--TOPICAL TERM |
| Topical term or geographic name as entry element |
Marine towing |
| General subdivision |
Law and legislation |
| 852 ## - LOCATION/CALL NUMBER |
| Location |
IMU Kochi Library |
| 904 ## - LOCAL DATA ELEMENT D, LDD (RLIN) |
| CATALOGER |
Akhil Bose |
| 942 ## - ADDED ENTRY ELEMENTS (KOHA) |
| Item type |
Books |